00429cam a22001572 4500001001100000005001700011008004100028020002600069040001500095050001700110100003200127245004500159260002800204300001100232650002800243000000346620151217155822.0070507s xx 000 0 eng d a9966462619 :cKES 400 aKABUcKABU 0aKSK442b.H871 aHussain, Ashiq.@000014994710aAid to passing C. P. A. Section 1 Law 1. aNairobi :bEAEP,c1985. a224 p. 0aLawzKenya.@0000153410